[Event "IIFL Wealth  4th Mumbai Junior U-13"]
[Site "Mumbai"]
[Date "2018.12.30"]
[Round "1"]
[White "Srihari L R"]
[Black "Bhagyashree G Patil"]
[Result "1-0"]
[WhiteElo "2316"]
[BlackElo "1215"]
[Annotator "TA"]
[PlyCount "38"]
[EventDate "2018.12.30"]
[EventType "swiss"]
[EventCountry "IND"]
[SourceTitle "playchess.com"]
[Source "ChessBase"]
[SourceQuality "1"]

1. Nf3 d5 2. c4 Nf6 3. cxd5 Nxd5 4. e4 Nf6 5. Nc3 c6 6. d4 Bg4 7. Be3 e6 8. Qb3 b6 9. Ne5 Qd6 10. h3 Bh5 11. g4 Bg6 12. Nxg6 hxg6 13. e5 Qd8 14. exf6 gxf6 15. Bg2 Be7 16. Rc1 Qd7 17. d5 O-O 18. dxe6 fxe6 19. Rd1 Qc8 1-0

[Event "IIFL Wealth  4th Mumbai Junior U-13"]
[Site "Mumbai"]
[Date "2018.12.30"]
[Round "1"]
[White "Aaryan Varshney"]
[Black "Dawda Vihaan"]
[Result "1-0"]
[WhiteElo "2200"]
[BlackElo "1212"]
[Annotator "TA"]
[PlyCount "57"]
[EventDate "2018.12.30"]
[EventType "swiss"]
[EventCountry "IND"]
[SourceTitle "playchess.com"]
[Source "ChessBase"]
[SourceQuality "1"]

1. d4 Nf6 2. Nf3 e6 3. c4 c5 4. d5 d6 5. Nc3 exd5 6. cxd5 Bf5 7. e4 Bg6 8. Bd3 a6 9. a4 Be7 10. O-O O-O 11. h3 Nbd7 12. Re1 Rc8 13. Nh4 Qb6 14. Nxg6 fxg6 15. a5 Qc7 16. f4 b6 17. axb6 Qxb6 18. Rxa6 Qb7 19. Bc4 Nb6 20. Qb3 Nfd7 21. e5 Rb8 22. Bb5 c4 23. Qa2 Nc5 24. Ra7 Qc8 25. Rxe7 Nd3 26. Qa7 Nxe1 27. Rxg7+ Kh8 28. Rxh7+ Kg8 29. Qg7# 1-0

[Event "IIFL Wealth  4th Mumbai Junior U-13"]
[Site "Mumbai"]
[Date "2018.12.30"]
[Round "1"]
[White "Nikhil Magizhnan"]
[Black "Vasudeva Varun"]
[Result "1-0"]
[WhiteElo "2148"]
[BlackElo "1209"]
[Annotator "TA"]
[PlyCount "67"]
[EventDate "2018.12.30"]
[EventType "swiss"]
[EventCountry "IND"]
[SourceTitle "playchess.com"]
[Source "ChessBase"]
[SourceQuality "1"]

1. e4 c5 2. Nf3 d6 3. c3 Nf6 4. Be2 Nc6 5. d3 g6 6. O-O Bg7 7. h3 O-O 8. Be3 Qc7 9. Nbd2 b6 10. d4 Nd7 11. d5 Nce5 12. Ne1 f5 13. f4 Nf7 14. exf5 gxf5 15. Nef3 h6 16. Nh4 Nh8 17. Qc2 Nb8 18. Bd3 Qd7 19. Rae1 Rf6 20. Re2 b5 21. b3 Ng6 22. Ndf3 Nxh4 23. Nxh4 Na6 24. Rfe1 Nc7 25. c4 bxc4 26. bxc4 Rf7 27. Bf2 Bf8 28. Re6 Rf6 29. Rxf6 exf6 30. Re3 Qf7 31. Rg3+ Bg7 32. Bxf5 Ba6 33. Bg6 Qf8 34. Bh7+ 1-0

[Event "IIFL Wealth  4th Mumbai Junior U-13"]
[Site "Mumbai"]
[Date "2018.12.30"]
[Round "1"]
[White "Manish, Kumar"]
[Black "Gosrani, Reeyan"]
[Result "1-0"]
[WhiteElo "2132"]
[BlackElo "1190"]
[Annotator "TA"]
[PlyCount "113"]
[EventDate "2018.12.30"]
[EventType "swiss"]
[EventCountry "IND"]
[SourceTitle "playchess.com"]
[Source "ChessBase"]
[SourceQuality "1"]

1. e4 e5 2. Nf3 Nc6 3. Bb5 a6 4. Ba4 Bc5 5. O-O d6 6. c3 b5 7. Bc2 Bg4 8. h3 Bh5 9. d3 Qf6 10. Nbd2 h6 11. b4 Bb6 12. a4 Rc8 13. axb5 axb5 14. Re1 g5 15. g4 Bg6 16. Nf1 Qe7 17. Ng3 f6 18. Bb3 h5 19. gxh5 Bf7 20. Bxf7+ Qxf7 21. Nh2 Qe6 22. Qg4 Qd7 23. Be3 Bxe3 24. fxe3 Nd8 25. Kg2 Ne6 26. Ra5 Rb8 27. Rea1 Ng7 28. Ra8 Rd8 29. Qxd7+ Kxd7 30. Rxd8+ Kxd8 31. Ra8+ Ke7 32. h6 Ne8 33. Nf5+ Kd7 34. Ng4 c6 35. Ng7 Ne7 36. Nxe8 Rxe8 37. Nxf6+ Ke6 38. Nxe8 Ng6 39. Ra7 d5 40. Rg7 Nf8 41. exd5+ cxd5 42. h7 Nxh7 43. Rxh7 g4 44. hxg4 e4 45. Nc7+ Kd6 46. Nxb5+ Kc6 47. Nd4+ Kd6 48. dxe4 dxe4 49. b5 Kc5 50. g5 Kc4 51. b6 Kxc3 52. b7 Kd3 53. Nf5 Ke2 54. b8=Q Kd3 55. Rd7+ Ke2 56. Qb2+ Ke1 57. Qf2# 1-0

[Event "IIFL Wealth  4th Mumbai Junior U-13"]
[Site "Mumbai"]
[Date "2018.12.30"]
[Round "1"]
[White "Manish Anto Cristiano F"]
[Black "Medhansh Rathi"]
[Result "1-0"]
[WhiteElo "2065"]
[BlackElo "1194"]
[Annotator "NA"]
[PlyCount "23"]
[EventDate "2018.12.30"]
[EventType "swiss"]
[EventCountry "IND"]
[SourceTitle "playchess.com"]
[Source "ChessBase"]
[SourceQuality "1"]

1. b3 d5 2. Bb2 c5 3. e3 Nc6 4. Nf3 Nf6 5. Be2 g6 6. O-O Bg7 7. d4 cxd4 8. exd4 O-O 9. Nbd2 Bf5 10. a3 Rc8 11. Nh4 Be6 12. Re1 1-0

[Event "IIFL Wealth  4th Mumbai Junior U-13"]
[Site "Mumbai"]
[Date "2018.12.30"]
[Round "1"]
[White "Shah Jeet"]
[Black "Dhrithi Murgod"]
[Result "1-0"]
[WhiteElo "1904"]
[BlackElo "1177"]
[Annotator "NA RC"]
[PlyCount "67"]
[EventDate "2018.12.30"]
[EventType "swiss"]
[EventCountry "IND"]
[SourceTitle "playchess.com"]
[Source "ChessBase"]
[SourceQuality "1"]

1. e4 c6 2. c4 d5 3. cxd5 cxd5 4. exd5 Qxd5 5. Nc3 Qd8 6. Nf3 Nf6 7. d4 e6 8. Bf4 a6 9. Be2 Bd6 10. Ne5 Qc7 11. Qa4+ Bd7 12. Nxd7 Nbxd7 13. Nb5 Bb4+ 14. Qxb4 Qxf4 15. Nd6+ Ke7 16. Nxb7+ Ke8 17. Bf3 Ne4 18. O-O Rb8 19. Bxe4 Qxe4 20. Nd6+ Ke7 21. Qxb8 Rxb8 22. Nxe4 Rxb2 23. Rfb1 Re2 24. Nc5 Nf6 25. Nxa6 Nd5 26. Kf1 Rd2 27. Rd1 Rb2 28. a4 Nc3 29. Re1 Rb6 30. Nc5 Rd6 31. a5 Nb5 32. a6 Rd8 33. a7 Ra8 34. Reb1 1-0

[Event "IIFL Wealth  4th Mumbai Junior U-13"]
[Site "Mumbai"]
[Date "2018.12.30"]
[Round "1"]
[White "Jain Kashish Manoj"]
[Black "Thatavarthy Siva Suhas"]
[Result "1-0"]
[WhiteElo "1853"]
[BlackElo "1173"]
[Annotator "NA"]
[PlyCount "109"]
[EventDate "2018.12.30"]
[EventType "swiss"]
[EventCountry "IND"]
[SourceTitle "playchess.com"]
[Source "ChessBase"]
[SourceQuality "1"]

1. Nf3 d5 2. g3 Nf6 3. Bg2 c6 4. O-O Nbd7 5. d3 e5 6. Nbd2 Qc7 7. e4 Bd6 8. Qe2 O-O 9. Nh4 g6 10. Re1 Re8 11. Nhf3 Kg7 12. h4 Ng4 13. Ng5 Ndf6 14. Nb3 a5 15. a4 Bd7 16. Rf1 d4 17. Bd2 b6 18. c3 c5 19. Nh3 Nh5 20. Qe1 Ngf6 21. f3 Ng8 22. g4 Nhf6 23. c4 h5 24. g5 Nh7 25. Nc1 Rab8 26. Ne2 Qc8 27. Qg3 Nf8 28. f4 Re7 29. b3 Bg4 30. Rae1 Re8 31. fxe5 Bxe5 32. Bf4 Nd7 33. Bxe5+ Nxe5 34. Nef4 Qd7 35. Nd5 Qc8 36. Rf2 Qd7 37. Ref1 Rb7 38. Nhf4 Qc8 39. Nf6 Nxf6 40. gxf6+ Kg8 41. Nd5 Nc6 42. Qf4 Kh7 43. Qg5 Re5 44. Qd2 Qd7 45. Qf4 Qe6 46. Qg3 Qd7 47. Ne7 Rxe7 48. fxe7 Qxe7 49. e5 Qe6 50. Bd5 Qc8 51. Rxf7+ Rxf7 52. Rxf7+ Kh8 53. Qf4 Ne7 54. Qf6+ Kg8 55. Qg7# 1-0

[Event "IIFL Wealth  4th Mumbai Junior U-13"]
[Site "Mumbai"]
[Date "2018.12.30"]
[Round "1"]
[White "Larmet, Nino"]
[Black "Aarna Chugh"]
[Result "1/2-1/2"]
[WhiteElo "1835"]
[BlackElo "1164"]
[Annotator "NA"]
[PlyCount "110"]
[EventDate "2018.12.30"]
[EventType "swiss"]
[EventCountry "IND"]
[SourceTitle "playchess.com"]
[Source "ChessBase"]
[SourceQuality "1"]

1. e4 c5 2. Nc3 e6 3. g3 d5 4. Bg2 Nf6 5. e5 Nfd7 6. f4 Nc6 7. Nf3 Be7 8. O-O O-O 9. d4 cxd4 10. Ne2 Bc5 11. Nexd4 Nxd4 12. Nxd4 Qb6 13. c3 f6 14. Kh1 fxe5 15. Nxe6 Rf6 16. Bxd5 Kh8 17. f5 h6 18. Bg5 Qd6 19. Bxf6 Nxf6 20. c4 Bxe6 21. Bxe6 Qxd1 22. Raxd1 Ng4 23. Rd2 Bd4 24. Rf3 Rd8 25. Bd5 b6 26. Re2 Nf6 27. Be6 e4 28. Rf1 Be5 29. Bd5 Nxd5 30. cxd5 Rxd5 31. Rxe4 Bxb2 32. Re8+ Kh7 33. Re7 Bf6 34. Rxa7 Rd2 35. Rb1 Rf2 36. Rxb6 Bd4 37. Rbb7 Bxa7 38. Rxa7 Rxf5 39. a4 Rf2 40. a5 Ra2 41. a6 Kg6 42. Ra8 Kh5 43. h3 Kg6 44. a7 Kf7 45. Kg1 Kg6 46. Kf1 Kg5 47. Ke1 Kg6 48. Kd1 Kg5 49. Kc1 Kg6 50. Kb1 Ra6 51. Kc2 Rc6+ 52. Kd3 Rc7 53. Kd4 Rf7 54. Ke4 Kg5 55. Kd5 Kg6 1/2-1/2

[Event "IIFL Wealth  4th Mumbai Junior U-13"]
[Site "Mumbai"]
[Date "2018.12.30"]
[Round "1"]
[White "Aditya Varun Gampa"]
[Black "Daware Arth K"]
[Result "1-0"]
[WhiteElo "1809"]
[BlackElo "1155"]
[Annotator "NA RC"]
[PlyCount "47"]
[EventDate "2018.12.30"]
[EventType "swiss"]
[EventCountry "IND"]
[SourceTitle "playchess.com"]
[Source "ChessBase"]
[SourceQuality "1"]

1. e4 Nc6 2. d4 e5 3. Nf3 exd4 4. Nxd4 Bc5 5. Nb3 Bb6 6. Nc3 d6 7. Qe2 Nge7 8. Be3 Be6 9. f3 O-O 10. O-O-O Bxb3 11. axb3 Bxe3+ 12. Qxe3 Ng6 13. h4 Nxh4 14. f4 Re8 15. Qh3 Ng6 16. Qxh7+ Kf8 17. Nd5 f6 18. Qxg6 Kg8 19. Rh7 Qd7 20. Nxf6+ Kf8 21. Rh8+ Ke7 22. Qxg7+ Ke6 23. Qxd7+ Kxf6 24. Rh6# 1-0

[Event "IIFL Wealth  4th Mumbai Junior U-13"]
[Site "Mumbai"]
[Date "2018.12.30"]
[Round "1"]
[White "Ayush Sharma"]
[Black "Sriram S N"]
[Result "1-0"]
[WhiteElo "1778"]
[BlackElo "1139"]
[Annotator "NA RC"]
[PlyCount "55"]
[EventDate "2018.12.30"]
[EventType "swiss"]
[EventCountry "IND"]
[SourceTitle "playchess.com"]
[Source "ChessBase"]
[SourceQuality "1"]

1. e4 c5 2. Nf3 d6 3. d4 cxd4 4. Nxd4 Nf6 5. Nc3 a6 6. Bg5 e6 7. f4 Be7 8. Qf3 e5 9. Nf5 Bxf5 10. exf5 Nc6 11. O-O-O Qc7 12. Bxf6 Bxf6 13. Nd5 Qd8 14. Qb3 Rb8 15. g4 O-O 16. g5 Be7 17. f6 Bxf6 18. gxf6 g6 19. Qh3 Kh8 20. Qh6 Rg8 21. h4 Qf8 22. Qxf8 Rgxf8 23. h5 exf4 24. Bc4 Ne5 25. hxg6 fxg6 26. Rxh7+ Kg8 27. Rg7+ Kh8 28. Rh1# 1-0

[Event "IIFL Wealth  4th Mumbai Junior U-13"]
[Site "Mumbai"]
[Date "2018.12.30"]
[Round "1"]
[White "Bagwe Gaurang"]
[Black "Iyer Aarav"]
[Result "1-0"]
[WhiteElo "1768"]
[BlackElo "1124"]
[Annotator "NA"]
[PlyCount "119"]
[EventDate "2018.12.30"]
[EventType "swiss"]
[EventCountry "IND"]
[SourceTitle "playchess.com"]
[Source "ChessBase"]
[SourceQuality "1"]

1. e4 c5 2. Nf3 d6 3. d4 cxd4 4. Nxd4 Nf6 5. Nc3 Nc6 6. Be2 e6 7. Be3 a6 8. O-O Be7 9. f4 O-O 10. Bf3 Nd7 11. Qe2 Nxd4 12. Bxd4 e5 13. fxe5 dxe5 14. Be3 Bg5 15. Nd5 Bxe3+ 16. Qxe3 b5 17. Rad1 Bb7 18. Bg4 Bxd5 19. Rxd5 Qb6 20. Rd3 Qxe3+ 21. Rxe3 Nf6 22. Be2 Rfd8 23. Bd3 Rd7 24. h3 Rc8 25. Rf5 Re7 26. Kf1 Nd7 27. Ke1 f6 28. Rf2 Nc5 29. Rd2 Rd7 30. Kd1 Rcd8 31. Kc1 f5 32. exf5 e4 33. b4 Na4 34. Rxe4 Nc3 35. Rh4 Rd4 36. Rxd4 Rxd4 37. a3 Nd5 38. Be2 Rxd2 39. Kxd2 Nb6 40. Ke3 Kf7 41. Kd4 Nd7 42. g4 Kf6 43. c4 bxc4 44. Bxc4 Nb8 45. Kc5 Kg5 46. Kd6 Kh4 47. Kc7 Kxh3 48. g5 Kg4 49. f6 gxf6 50. gxf6 Kf5 51. f7 Kg6 52. f8=Q Kh5 53. Qf4 Kg6 54. Kxb8 a5 55. bxa5 h5 56. a6 h4 57. a7 h3 58. a8=Q h2 59. Qg2+ Kh7 60. Qh4# 1-0

[Event "IIFL Wealth  4th Mumbai Junior U-13"]
[Site "Mumbai"]
[Date "2018.12.30"]
[Round "1"]
[White "Bhagyashree Patil"]
[Black "Aditya Sriram"]
[Result "1-0"]
[WhiteElo "1758"]
[BlackElo "1315"]
[Annotator "NA RC"]
[PlyCount "103"]
[EventDate "2018.12.30"]
[EventType "swiss"]
[EventCountry "IND"]
[SourceTitle "playchess.com"]
[Source "ChessBase"]
[SourceQuality "1"]

1. e4 c5 2. Nf3 d6 3. d4 cxd4 4. Nxd4 Nf6 5. Nc3 g6 6. Be2 Bg7 7. Be3 O-O 8. O-O Nc6 9. Re1 d5 10. exd5 Nxd5 11. Nxd5 Qxd5 12. Bf3 Qd7 13. Nxc6 bxc6 14. c3 Rb8 15. Qxd7 Bxd7 16. Re2 Rb7 17. Bc5 Be6 18. Bb4 Rc8 19. h3 Bf8 20. b3 Bd5 21. Rd1 e6 22. Bxf8 Kxf8 23. c4 Bxf3 24. gxf3 Ke7 25. Red2 a5 26. Rd3 a4 27. bxa4 Rb4 28. Rd7+ Ke8 29. Ra7 Rd8 30. Rxd8+ Kxd8 31. c5 Rc4 32. Rxf7 Rxc5 33. Rxh7 Ra5 34. Rh4 Ke7 35. Kg2 Kd6 36. Rg4 g5 37. f4 gxf4 38. Rxf4 Kd5 39. h4 e5 40. Rg4 Ra8 41. h5 c5 42. h6 c4 43. Kf1 c3 44. Ke2 Rh8 45. Rh4 e4 46. h7 Kc5 47. Kd1 Kb4 48. Kc2 Kxa4 49. Rxe4+ Ka3 50. Rh4 Rxh7 51. Rxh7 Kxa2 52. Ra7# 1-0

[Event "IIFL Wealth  4th Mumbai Junior U-13"]
[Site "Mumbai"]
[Date "2018.12.30"]
[Round "1"]
[White "Sadbhav Rautela"]
[Black "Jain Aryan S"]
[Result "1-0"]
[WhiteElo "1746"]
[BlackElo "1115"]
[Annotator "NA"]
[PlyCount "105"]
[EventDate "2018.12.30"]
[EventType "swiss"]
[EventCountry "IND"]
[SourceTitle "playchess.com"]
[Source "ChessBase"]
[SourceQuality "1"]

1. e4 e5 2. Nf3 Nc6 3. d4 exd4 4. Nxd4 Bc5 5. Nxc6 Qf6 6. Qf3 dxc6 7. Nd2 Be6 8. Bc4 Qxf3 9. gxf3 Bxc4 10. Nxc4 f6 11. Bf4 O-O-O 12. Ke2 Ne7 13. Be3 Bxe3 14. Kxe3 Ng6 15. Rad1 Rhe8 16. Rxd8+ Rxd8 17. f4 Re8 18. h4 Ne7 19. Kf3 g6 20. e5 Nd5 21. Re1 fxe5 22. fxe5 Rf8+ 23. Kg3 Nb4 24. c3 Nd3 25. Re2 Re8 26. Re3 Nc5 27. Nd2 Ne6 28. Nf3 Ng7 29. Kg4 Nf5 30. Re2 Kd7 31. Nd4 Nxd4 32. cxd4 Ke6 33. Kg5 Rd8 34. Re4 b6 35. b4 Rd5 36. Kh6 Kf5 37. e6 Kf6 38. Kxh7 Rd8 39. e7 Re8 40. Rf4+ Kxe7 41. Re4+ Kf7 42. Rxe8 Kxe8 43. Kxg6 Kf8 44. f4 Kg8 45. f5 Kf8 46. f6 c5 47. dxc5 bxc5 48. bxc5 c6 49. h5 a5 50. h6 Kg8 51. h7+ Kh8 52. f7 a4 53. f8=R# 1-0

[Event "IIFL Wealth  4th Mumbai Junior U-13"]
[Site "Mumbai"]
[Date "2018.12.30"]
[Round "1"]
[White "Shreyas Ghadi"]
[Black "Aaryan Balaji Rao"]
[Result "1-0"]
[WhiteElo "1653"]
[BlackElo "1095"]
[Annotator "NA"]
[PlyCount "153"]
[EventDate "2018.12.30"]
[EventType "swiss"]
[EventCountry "IND"]
[SourceTitle "playchess.com"]
[Source "ChessBase"]
[SourceQuality "1"]

1. d4 Nf6 2. c4 e6 3. Nf3 Bb4+ 4. Bd2 Bxd2+ 5. Qxd2 Nc6 6. Nc3 d5 7. e3 b6 8. Be2 Bb7 9. O-O O-O 10. a3 a6 11. Rac1 Na7 12. Ne5 Nc6 13. Nxc6 Bxc6 14. a4 Qd7 15. Qc2 Qe7 16. Bf3 Rac8 17. Ra1 Qb4 18. b3 Ba8 19. Na2 Qd6 20. Rac1 dxc4 21. Qxc4 Bxf3 22. gxf3 a5 23. Nc3 c5 24. Nb5 Qd7 25. Qe2 Qd5 26. Qd1 Qg5+ 27. Kh1 Rfd8 28. Rg1 Qh4 29. Qe2 Rd5 30. Rg2 Rcd8 31. Nc3 R5d7 32. Nb5 g6 33. Qb2 Nd5 34. Rg4 Qf6 35. Qe2 cxd4 36. Rxd4 e5 37. Rdd1 Nb4 38. Rxd7 Rxd7 39. Rd1 Rxd1+ 40. Qxd1 e4 41. Nd4 Nd3 42. Qc2 Qh4 43. Kg1 Nc5 44. fxe4 Qxe4 45. Qxe4 Nxe4 46. f3 Nc5 47. Kf1 Kf8 48. Ke2 Ke7 49. Kd2 Ne6 50. Nb5 Kd7 51. Kc3 Kc6 52. Kc4 Ng5 53. Nd4+ Kd6 54. Kb5 Kc7 55. h4 Ne6 56. Nxe6+ fxe6 57. f4 h5 58. Kc4 Kc6 59. Kd4 Kd6 60. Ke4 Kd7 61. Ke5 Ke7 62. e4 Kd7 63. Kf6 Kd6 64. Kxg6 Ke7 65. Kxh5 Kf6 66. Kg4 Kg6 67. e5 Kh6 68. h5 Kg7 69. Kg5 Kh7 70. h6 Kh8 71. Kg6 Kg8 72. h7+ Kh8 73. f5 b5 74. axb5 a4 75. b6 a3 76. b7 a2 77. b8=R# 1-0

[Event "IIFL Wealth  4th Mumbai Junior U-13"]
[Site "Mumbai"]
[Date "2018.12.30"]
[Round "1"]
[White "Makwana Devam"]
[Black "Vedant Mistry"]
[Result "1-0"]
[WhiteElo "1617"]
[BlackElo "1075"]
[Annotator "NA"]
[PlyCount "119"]
[EventDate "2018.12.30"]
[EventType "swiss"]
[EventCountry "IND"]
[SourceTitle "playchess.com"]
[Source "ChessBase"]
[SourceQuality "1"]

1. e4 e5 2. Bc4 Bc5 3. Nc3 Nf6 4. d3 Nc6 5. f4 d6 6. Nf3 Ng4 7. Qe2 Bf2+ 8. Kf1 Nd4 9. Nxd4 Bxd4 10. Nd1 Nf6 11. h3 g6 12. c3 Bb6 13. g4 Qe7 14. Qf3 Be6 15. g5 Nd7 16. Bxe6 Qxe6 17. f5 Qe7 18. a4 Nc5 19. b4 Nb3 20. Rb1 Nxc1 21. f6 Qe6 22. Rxc1 a6 23. a5 Ba7 24. c4 Bd4 25. h4 h6 26. Nf2 hxg5 27. hxg5 Rxh1+ 28. Qxh1 O-O-O 29. Qh4 Bxf2 30. Kxf2 Qd7 31. Ra1 Qc6 32. Qh1 Qd7 33. Kg3 Re8 34. Qh7 Rd8 35. Ra3 Kb8 36. Qh2 Re8 37. Ra1 Rc8 38. Qh4 Re8 39. Qh6 Rd8 40. Qh2 Rc8 41. Rb1 Rd8 42. b5 axb5 43. Rxb5 c6 44. Rb6 Ka7 45. Qf2 Ka8 46. a6 Rh8 47. axb7+ Kb8 48. Qg2 Qc7 49. Rb1 d5 50. Qa2 Qd8 51. Qa8+ Kc7 52. b8=Q+ Qxb8 53. Rxb8 Rxb8 54. Qa7+ Rb7 55. Qc5 Kb8 56. cxd5 cxd5 57. exd5 Rc7 58. Qb6+ Rb7 59. Qd8+ Ka7 60. d6 1-0

[Event "IIFL Wealth  4th Mumbai Junior U-13"]
[Site "Mumbai"]
[Date "2018.12.30"]
[Round "1"]
[White "S B V Nair"]
[Black "Wahba, David George"]
[Result "0-1"]
[WhiteElo "1615"]
[BlackElo "1295"]
[Annotator "NA RC"]
[PlyCount "94"]
[EventDate "2018.12.30"]
[EventType "swiss"]
[EventCountry "IND"]
[SourceTitle "playchess.com"]
[Source "ChessBase"]
[SourceQuality "1"]

1. e4 e5 2. Nf3 Nc6 3. Bc4 Nf6 4. Nc3 Be7 5. O-O O-O 6. Re1 d6 7. h3 Be6 8. Bb3 h6 9. d4 exd4 10. Nxd4 Nxd4 11. Qxd4 Re8 12. Bf4 Nd7 13. Nd5 Nc5 14. Nxe7+ Qxe7 15. e5 Nxb3 16. axb3 c5 17. Qxd6 Qxd6 18. exd6 Bf5 19. c4 Bc2 20. b4 cxb4 21. c5 a6 22. Rac1 b3 23. Kf1 g5 24. Bd2 Re6 25. Rxe6 fxe6 26. Re1 Kf7 27. Re3 a5 28. Rf3+ Ke8 29. Bxa5 Rxa5 30. Rf6 Bf5 31. Rxh6 Rxc5 32. Rh8+ Kd7 33. Rb8 Be4 34. f3 Bc6 35. Ke2 Rc2+ 36. Kd3 Rxb2 37. Kc3 Rb1 38. Ra8 Bd5 39. Ra3 Kxd6 40. g3 Rc1+ 41. Kb2 Rc2+ 42. Kb1 b5 43. Ra6+ Kc5 44. Ra7 Kd4 45. Rg7 Kc3 46. Rxg5 b2 47. h4 Rc1# 0-1

[Event "IIFL Wealth  4th Mumbai Junior U-13"]
[Site "Mumbai"]
[Date "2018.12.30"]
[Round "1"]
[White "Kadam Rishi R"]
[Black "Freeyah Golia"]
[Result "1-0"]
[WhiteElo "1604"]
[BlackElo "1070"]
[Annotator "NA RC"]
[PlyCount "43"]
[EventDate "2018.12.30"]
[EventType "swiss"]
[EventCountry "IND"]
[SourceTitle "playchess.com"]
[Source "ChessBase"]
[SourceQuality "1"]

1. e4 d5 2. exd5 Nf6 3. Nc3 Nxd5 4. Nf3 Nc6 5. d4 Bg4 6. Be2 e6 7. O-O Bb4 8. Ne4 Nf6 9. Nxf6+ Qxf6 10. c3 Be7 11. Bg5 Qg6 12. Bxe7 Kxe7 13. Re1 Rad8 14. Qb3 b6 15. Qa3+ Kd7 16. Qa4 a5 17. Ne5+ Kd6 18. Qxc6+ Ke7 19. Qxc7+ Ke8 20. Bb5+ Rd7 21. Qxd7+ Kf8 22. Qd8# 1-0

[Event "IIFL Wealth  4th Mumbai Junior U-13"]
[Site "Mumbai"]
[Date "2018.12.30"]
[Round "1"]
[White "Bang Atharva"]
[Black "Dabhade Arnav"]
[Result "1/2-1/2"]
[WhiteElo "1582"]
[BlackElo "1064"]
[Annotator "NA"]
[PlyCount "64"]
[EventDate "2018.12.30"]
[EventType "swiss"]
[EventCountry "IND"]
[SourceTitle "playchess.com"]
[Source "ChessBase"]
[SourceQuality "1"]

1. d4 d5 2. Nf3 Nf6 3. e3 Bg4 4. c4 e6 5. Nc3 c6 6. h3 Bh5 7. g4 Bg6 8. Ne5 Be7 9. Bg2 Nbd7 10. Nxg6 hxg6 11. Bd2 dxc4 12. Qe2 Nb6 13. O-O O-O 14. Rac1 Rc8 15. Ne4 Qc7 16. Ba5 Nfd5 17. Nd2 Qd7 18. Nxc4 Nxc4 19. Qxc4 Bd8 20. Bxd8 Rfxd8 21. Rfd1 Qc7 22. b4 a6 23. Bxd5 Rxd5 24. e4 Rd7 25. e5 Rd5 26. a4 Qd7 27. Rd3 Rd8 28. Rcd1 Kh8 29. Qc3 Kg8 30. Qe1 b6 31. a5 bxa5 32. bxa5 c5 1/2-1/2

[Event "IIFL Wealth  4th Mumbai Junior U-13"]
[Site "Mumbai"]
[Date "2018.12.30"]
[Round "1"]
[White "Laddha, Shubh Jayesh"]
[Black "Shah, Devashri"]
[Result "1-0"]
[WhiteElo "1567"]
[BlackElo "1062"]
[Annotator "NA"]
[PlyCount "63"]
[EventDate "2018.12.30"]
[EventType "swiss"]
[EventCountry "IND"]
[SourceTitle "playchess.com"]
[Source "ChessBase"]
[SourceQuality "1"]

1. d4 d5 2. c4 Nf6 3. Nc3 c6 4. Nf3 Bf5 5. Qb3 b6 6. e3 Na6 7. cxd5 Qc8 8. dxc6 e6 9. a3 Nb8 10. Ne5 Bd6 11. Bb5 O-O 12. O-O Bxe5 13. dxe5 Nh5 14. e4 Bg6 15. g4 Nxc6 16. Bxc6 Qxc6 17. gxh5 Bxh5 18. f3 Qc5+ 19. Kh1 Qxe5 20. Qc2 Qf6 21. Qg2 Rad8 22. Bg5 Qe5 23. Bxd8 Rxd8 24. Rad1 Rc8 25. Rd3 h6 26. Rfd1 Qf4 27. Qg3 Qf6 28. e5 Qf5 29. Ne4 Rc2 30. Rd8+ Kh7 31. Nf6+ gxf6 32. Qg8# 1-0

[Event "IIFL Wealth  4th Mumbai Junior U-13"]
[Site "Mumbai"]
[Date "2018.12.30"]
[Round "1"]
[White "Mehta Rishi"]
[Black "Mitank Maru"]
[Result "0-1"]
[WhiteElo "1566"]
[BlackElo "1312"]
[Annotator "NA"]
[PlyCount "78"]
[EventDate "2018.12.30"]
[EventType "swiss"]
[EventCountry "IND"]
[SourceTitle "playchess.com"]
[Source "ChessBase"]
[SourceQuality "1"]

1. d4 f5 2. Bf4 Nf6 3. Nd2 e6 4. Ngf3 Be7 5. h3 O-O 6. e3 d6 7. c3 Qe8 8. Qc2 Nc6 9. O-O-O Bd8 10. Bh2 e5 11. dxe5 dxe5 12. Ng5 e4 13. Bc4+ Kh8 14. h4 Ng4 15. Bg3 Nce5 16. Bb3 Nd3+ 17. Kb1 Ngxf2 18. Bxf2 Nxf2 19. Nc4 Nxh1 20. Rxh1 Qh5 21. Qc1 Bf6 22. g3 Bd7 23. Rd1 Rad8 24. Na3 Bxg5 25. hxg5 Qxg5 26. Rg1 Qf6 27. Rh1 Be6 28. Bxe6 Qxe6 29. Nb5 c6 30. Nd4 Qd6 31. Qg1 c5 32. Ne2 Qd3+ 33. Kc1 Qd2+ 34. Kb1 Qxe2 35. Kc1 Rd2 36. Qh2 Qxh2 37. Rxh2 Rxh2 38. b3 Rd8 39. Kb1 Rd1# 0-1

[Event "IIFL Wealth  4th Mumbai Junior U-13"]
[Site "Mumbai"]
[Date "2018.12.30"]
[Round "1"]
[White "Sarvade Mihiir"]
[Black "Yash Satish Parab"]
[Result "1-0"]
[WhiteElo "1563"]
[BlackElo "1058"]
[Annotator "NA"]
[PlyCount "26"]
[EventDate "2018.12.30"]
[EventType "swiss"]
[EventCountry "IND"]
[SourceTitle "playchess.com"]
[Source "ChessBase"]
[SourceQuality "1"]

1. d4 d5 2. c4 e6 3. Nc3 c6 4. e4 dxc4 5. Bxc4 b5 6. Bb3 Nf6 7. e5 Nd5 8. Ne4 Nd7 9. Nf3 h6 10. O-O Be7 11. Qd3 a6 12. Bd2 Bb7 13. Rfc1 Rc8 1-0

[Event "IIFL Wealth  4th Mumbai Junior U-13"]
[Site "Mumbai"]
[Date "2018.12.30"]
[Round "1"]
[White "Adireddy Tarun"]
[Black "Desai Sailee"]
[Result "1-0"]
[WhiteElo "1553"]
[BlackElo "1042"]
[Annotator "NA"]
[PlyCount "97"]
[EventDate "2018.12.30"]
[EventType "swiss"]
[EventCountry "IND"]
[SourceTitle "playchess.com"]
[Source "ChessBase"]
[SourceQuality "1"]

1. d4 Nf6 2. c4 e6 3. Nc3 Be7 4. Nf3 O-O 5. d5 d6 6. e4 exd5 7. exd5 Re8 8. Be2 Bf8 9. O-O g6 10. Bd3 Bg7 11. Bg5 Nbd7 12. Qd2 Ne5 13. Nxe5 dxe5 14. Rae1 a6 15. f4 exf4 16. Rxe8+ Qxe8 17. Qxf4 Ng4 18. h3 h6 19. hxg4 hxg5 20. Qxg5 Bd7 21. Rf3 Bd4+ 22. Kf1 Qe5 23. Ne4 Qxg5 24. Nxg5 Rf8 25. b3 Bc5 26. Ne4 Be7 27. g5 Bf5 28. Nf6+ Bxf6 29. gxf6 Bxd3+ 30. Rxd3 Rd8 31. g4 Rd6 32. g5 c6 33. dxc6 Rxc6 34. Rd8+ Kh7 35. Rd7 Kg8 36. Rxb7 Rc5 37. Rb8+ Kh7 38. Rf8 Rxg5 39. Rxf7+ Kg8 40. Rg7+ Kf8 41. Ke2 Rg2+ 42. Kd3 Rg3+ 43. Kd4 Rg4+ 44. Kc5 Rg2 45. Kb6 g5 46. c5 g4 47. c6 g3 48. c7 Rxa2 49. c8=R# 1-0

[Event "IIFL Wealth  4th Mumbai Junior U-13"]
[Site "Mumbai"]
[Date "2018.12.30"]
[Round "1"]
[White "Mahi Amit Doshi"]
[Black "Sri Rashmika M"]
[Result "1-0"]
[WhiteElo "1551"]
[BlackElo "1039"]
[Annotator "NA"]
[PlyCount "89"]
[EventDate "2018.12.30"]
[EventType "swiss"]
[EventCountry "IND"]
[SourceTitle "playchess.com"]
[Source "ChessBase"]
[SourceQuality "1"]

1. d4 d5 2. Bf4 Nf6 3. e3 c6 4. Nf3 Bg4 5. Be2 e6 6. O-O Bd6 7. Bg3 Qc7 8. Bxd6 Qxd6 9. h3 Bh5 10. Ne5 Bxe2 11. Qxe2 Nbd7 12. Nf3 Ne4 13. c4 O-O 14. cxd5 exd5 15. Nbd2 Ndf6 16. Ne5 Nxd2 17. Qxd2 Ne4 18. Qd3 f6 19. Nc4 Qb4 20. Na3 Qxb2 21. f3 Nc3 22. Nc2 Nxa2 23. Rfb1 Qc3 24. Qe2 Qa5 25. Nb4 Nc3 26. Qc2 Qc7 27. Qxc3 Qg3 28. Nd3 Qc7 29. Nc5 Rfb8 30. Qb3 a5 31. e4 b6 32. Na4 Qd8 33. exd5 cxd5 34. Nc3 Kh8 35. Nxd5 a4 36. Qa2 Ra5 37. Nb4 Qxd4+ 38. Kh1 Qd7 39. Rd1 Qe8 40. Re1 Qd7 41. Rad1 Qb5 42. Qf7 Qxb4 43. Re8+ Rxe8 44. Qxe8+ Qf8 45. Qxf8# 1-0